<?xml version="1.0" encoding="UTF-8"?>
<record
    xmlns:xsi="http://www.w3.org/2001/XMLSchema-instance"
    xsi:schemaLocation="http://www.loc.gov/MARC21/slim http://www.loc.gov/standards/marcxml/schema/MARC21slim.xsd"
    xmlns="http://www.loc.gov/MARC21/slim">

  <leader>01184nam a2200217 i 4500</leader>
  <controlfield tag="001">163071</controlfield>
  <controlfield tag="003">ES-MaACL</controlfield>
  <controlfield tag="005">20230906212650.0</controlfield>
  <controlfield tag="008">931025s1776    sp af        |||| | spa d</controlfield>
  <datafield tag="110" ind1="2" ind2=" ">
    <subfield code="a">Real Maestranza de Caballer&#xED;a de Valencia.</subfield>
    <subfield code="9">134790</subfield>
  </datafield>
  <datafield tag="245" ind1="1" ind2="0">
    <subfield code="a">Ordenanzas de la Real Maestranza de Cavalleros de la ciudad de Valencia</subfield>
    <subfield code="b">: a&#xF1;o de MDCCLXXV.</subfield>
  </datafield>
  <datafield tag="260" ind1=" " ind2=" ">
    <subfield code="a">En Valencia : </subfield>
    <subfield code="b">en la oficina de Benito Monfort, </subfield>
    <subfield code="c">1776.</subfield>
  </datafield>
  <datafield tag="300" ind1=" " ind2=" ">
    <subfield code="a">2, 160 p,  [1] h. de l&#xE1;m. : </subfield>
    <subfield code="b">il. ; </subfield>
    <subfield code="c">4&#xBA;.</subfield>
  </datafield>
  <datafield tag="530" ind1=" " ind2=" ">
    <subfield code="a">Disponible en formato digital.</subfield>
  </datafield>
  <datafield tag="597" ind1=" " ind2=" ">
    <subfield code="a">Sign. :   [ ]&#xB2;, A-V4.</subfield>
  </datafield>
  <datafield tag="599" ind1=" " ind2=" ">
    <subfield code="a">La l&#xE1;mina es un grabado calcogr&#xE1;fico con la imagen de la Virgen rodeada de angelotes, y en la parte inferior, el escudo de la Real Maestranza con el lema "Equestris labor nobilitati decus". Firmado: "Joseph Camaron la dibux&#xF3;, Vic[en]te Galcer&#xE1;n y Alapont la grav&#xF3;"</subfield>
  </datafield>
  <datafield tag="599" ind1=" " ind2=" ">
    <subfield code="a">Grabado calcogr&#xE1;fico con escudo de Carlos III a toda plana en p. [3]</subfield>
  </datafield>
  <datafield tag="610" ind1="2" ind2="4">
    <subfield code="a">Real Maestranza de Caballer&#xED;a de Valencia.</subfield>
    <subfield code="9">134790</subfield>
  </datafield>
  <datafield tag="852" ind1=" " ind2=" ">
    <subfield code="a">ES-MaACL</subfield>
    <subfield code="j">R-1046   </subfield>
    <subfield code="z">- Enc. piel  </subfield>
    <subfield code="x"> Olim: G-8083</subfield>
  </datafield>
  <datafield tag="856" ind1=" " ind2=" ">
    <subfield code="u">http://bivaldi.gva.es/es/consulta/registro.cmd?id=3303 </subfield>
    <subfield code="z">Biblioteca Valenciana Digital</subfield>
  </datafield>
  <datafield tag="999" ind1=" " ind2=" ">
    <subfield code="c">163071</subfield>
    <subfield code="d">163071</subfield>
  </datafield>
  <datafield tag="952" ind1=" " ind2=" ">
    <subfield code="0">0</subfield>
    <subfield code="1">0</subfield>
    <subfield code="4">0</subfield>
    <subfield code="7">0</subfield>
    <subfield code="8">Colecci&#xF3;n_digital</subfield>
    <subfield code="a">ATENEOM</subfield>
    <subfield code="b">ATENEOM</subfield>
    <subfield code="c">DEPO</subfield>
    <subfield code="d">2008-01-17</subfield>
    <subfield code="e">SSC</subfield>
    <subfield code="l">0</subfield>
    <subfield code="o">R-1046</subfield>
    <subfield code="p">1170875</subfield>
    <subfield code="r">2023-02-23 00:00:00</subfield>
    <subfield code="w">2023-02-23</subfield>
    <subfield code="y">MONANT</subfield>
  </datafield>
</record>
